000
00294nam a2200097Ia 4500
082
_a
641.0968 ROAK
245
0
_a
Taste freedom : food from the Freedom Café
100
_a
Roake, Neil Auckland Park, South Africa, 2010
_9
50611
942
_c
BK
008
210817s9999 xx 000 0 und d
999
_c
162750
_d
162749